000 00791nam a2200241 a 4500
001 56572
003 BD-RjUL
005 20211209080418.0
008 161201r20042003uk a 001 0 eng d
020 _a0851424627
035 _a(BD-RjUL)56696
040 _aNLM
_cDLC
_dNLM
_dCPV
_dIWA
_dDLC
_dBD-RjUL
_beng
041 _aeng
082 0 0 _a025.04
_223
_bLAF 2004
100 1 _aLambert, Jill.
_9168259
245 1 0 _aFinding information in science, technology and medicine /
_cby Jill Lambert & Peter A. Lambert.
260 _aLondon :
_bEuropa Publications,
_cc2003 [reprinted 2004].
300 _axii, 127 p. :
_bill. ;
_c24 cm.
500 _aIncludes index.
650 0 _aInformation storage and retrieval systems
_xScience.
_9168260
700 1 _aLambert, Peter A.
_9168261
942 _2ddc
_cBK
999 _c56572
_d56572